000
00256nam a22001097a 4500
008
140110t xxu||||| |||| 00| 0 eng d
100
_a
Duane P. Schultz
_9
631
245
_a
A History of Modern Pscyhology
250
_a
6th Ed
300
_a
600
942
_2
ddc
_c
BK
999
_c
16893
_d
16893